[Event "20th Karpov Poikovsky 2019"]
[Site "Poikovsky"]
[Date "2019.06.13"]
[Round "7.5"]
[White "Sasikiran, Krishnan"]
[Black "Kovalev, Vladislav"]
[Result "1/2-1/2"]
[WhiteElo "2673"]
[BlackElo "2661"]
[Annotator "TA"]
[PlyCount "215"]
[EventDate "2019.06.06"]
[EventType "tourn"]
[EventCountry "RUS"]
[SourceTitle "playchess.com"]
[Source "ChessBase"]
[SourceQuality "1"]

{[%evp 21,215,21,21,17,17,18,26,18,35,27,37,32,48,51,78,72,66,64,56,58,54,49,54,36,83,73,78,66,54,67,80,80,79,79,79,75,79,86,81,82,79,81,87,84,98,91,92,87,87,87,89,90,81,86,91,90,90,75,90,90,90,90,110,0,90,90,83,83,82,77,108,90,91,91,91,91,102,88,90,90,91,91,91,91,91,91,91,91,91,91,91,91,91,91,91,91,91,91,91,0,90,86,86,86,95,86,91,91,91,90,105,102,105,105,105,96,98,98,102,86,86,86,91,86,91,91,98,86,86,86,91,91,97,97,97,91,112,100,86,79,79,79,79,79,79,79,79,79,86,0,0,0,12,1,1,1,8,8,8,8,8,8,8,8,10,0,0,0,0,0,0,0,0,0,0,0,0,0,0,0,0,0,0,0,0,0,0,0,0,0,0,0,0,0,0,0]} 1. e4 e5 2. Nf3 Nc6 3. Bb5 a6 4. Ba4 Nf6 5. O-O Be7 6. Re1 b5 7. Bb3 d6 8. c3 O-O 9. h3 Nb8 10. d4 Nbd7 11. Nbd2 {[%cal Bb1d2,Bd2f1,Bf1g3][%mdl 32]} c5 12. Nf1 {C95: Closed Ruy Lopez: Breyer Variation with 10 d4} Re8 13. Ng3 Bf8 14. a4 {White has an edge.} (14. Bc2 cxd4 15. cxd4 exd4 16. Bf4 Bb7 17. Nxd4 g6 18. Qd2 Nc5 19. Bg5 Bg7 {½-½ (37) Karjakin,S (2760)-Kovalev,V (2664) Batumi 2018}) 14... Rb8 15. Bc2 g6 16. Bg5 $146 ({Predecessor:} 16. axb5 axb5 17. Be3 h6 18. Qd2 Kh7 19. d5 Bg7 {½-½ (39) Hanzluvka,P (2128)-Tropp,F (2225) Tatranske Zruby 2000}) 16... h6 17. Be3 Bg7 18. Qc1 Kh7 19. Rd1 Qc7 20. axb5 axb5 21. b4 cxd4 22. cxd4 Nb6 23. dxe5 dxe5 24. Bc5 Bf8 25. Bb3 Bxc5 26. bxc5 Na4 27. Bxa4 bxa4 28. Rxa4 Be6 29. Ra3 Rec8 30. Rc3 Rb5 {[%cal Rb5c5]} 31. c6 Rb6 32. Qa1 Ng8 33. Ra3 {[#] Black must now prevent Ra7.} Rxc6 34. Nxe5 Rc1 35. Rxc1 Qxc1+ 36. Qxc1 Rxc1+ 37. Kh2 Rc2 38. f3 Kg7 39. Nd3 Bc4 40. Nb4 Rb2 {[#]} 41. Nc6 $1 Rc2 42. Ne5 Be6 $1 43. Ra7 Nf6 44. h4 Rd2 45. Kg1 Nd7 46. Nf1 Rd1 47. Nxd7 Bxd7 $16 {[%mdl 4096] Endgame KRB-KRN} 48. Kf2 Be6 49. Ra5 h5 50. Ne3 Rd2+ 51. Kg3 Kf6 52. Rc5 Re2 53. Kf4 Rd2 54. Rc2 Rd3 55. Rc6 Kg7 56. Rb6 Rd2 57. Rb1 Re2 58. Rc1 Rd2 59. Rc3 Kf6 60. Rc2 Rd3 $1 61. Nf1 Rd1 62. Ng3 Bb3 63. Rc6+ (63. e5+ {looks sharper.} Kg7 64. Rc7 Rd2 65. Ne4 Rxg2 66. Nc5) 63... Kg7 64. Ne2 Be6 65. Ke3 Ra1 66. Nd4 Ra3+ 67. Kf4 Ba2 68. Rc7 Ra4 69. Nb5 Be6 70. Nd6 Ra2 71. g3 Ra3 72. Rb7 Ra8 73. Nb5 Bc4 74. Nd4 Ra4 75. Rc7 Ba2 76. Nb5 Be6 77. Ra7 Rc4 78. Nd6 Rc6 79. e5 Rc3 80. Ne8+ Kh6 {Black wants to play ...Bd5.} 81. Nf6 Rc4+ 82. Ke3 Rc3+ 83. Ke2 Rc2+ 84. Kd3 Rc5 85. g4 (85. f4 $16) 85... hxg4 $1 $11 {The position is equal.} 86. fxg4 Rc8 87. g5+ Kg7 88. Kd2 Rd8+ 89. Ke3 Rh8 90. Ra4 Rb8 91. Kf4 Rh8 92. Kg3 Rb8 93. Rd4 Kf8 94. Ne4 Rb3+ 95. Kf2 Ke7 96. Ra4 Rb7 97. Nd6 Rb3 98. Ra7+ Kf8 99. Ra8+ Ke7 $1 100. Ra7+ Kf8 101. Ne4 Rb2+ 102. Ke3 {And now Ra8+ would win.} Rb3+ 103. Kd2 {Hoping for Ra8+.} Rb2+ 104. Kc3 Rb3+ 105. Kc2 {Strongly threatening Ra8+.} Re3 106. Ra8+ Ke7 $1 107. Ra7+ Kf8 108. Ra8+ {Accuracy: White = 78%, Black = 67%.} 1/2-1/2

[Event "20th Karpov Poikovsky 2019"]
[Site "Poikovsky"]
[Date "2019.06.14"]
[Round "8.1"]
[White "Jakovenko, Dmitry"]
[Black "Saric, Ivan"]
[Result "1/2-1/2"]
[WhiteElo "2704"]
[BlackElo "2680"]
[Annotator "TA"]
[PlyCount "51"]
[EventDate "2019.06.06"]
[EventType "tourn"]
[EventCountry "RUS"]
[SourceTitle "playchess.com"]
[Source "ChessBase"]
[SourceQuality "1"]

{[%evp 19,51,8,16,0,2,1,12,12,14,14,9,7,7,7,7,7,9,10,6,6,6,6,6,6,8,6,6,8,8,0,0,0,0,0]} 1. e4 c5 2. Nf3 d6 3. d4 cxd4 4. Nxd4 Nf6 5. Nc3 a6 6. Be2 e5 7. Nf3 Be7 8. Bg5 Be6 9. Bxf6 Bxf6 10. O-O O-O {The position is equal.} 11. Nd5 {B92: Sicilian Najdorf: 6 Be2} Nd7 12. Bc4 Rc8 13. Bb3 Nc5 14. Nxf6+ Qxf6 15. Qxd6 Bxb3 16. Qxf6 gxf6 17. axb3 Nxe4 18. Rfe1 {[#]} Ng5 $146 ({Predecessor:} 18... Nd6) 19. Nxg5 fxg5 20. Rxe5 Rxc2 21. Rxg5+ $11 {KRR-KRR} Kh8 22. Rf5 Rxb2 23. Rf3 Kg7 24. g4 Rd8 25. Ra5 h6 26. g5 1/2-1/2

[Event "20th Karpov Poikovsky 2019"]
[Site "Poikovsky"]
[Date "2019.06.14"]
[Round "8.2"]
[White "Sasikiran, Krishnan"]
[Black "Korobov, Anton"]
[Result "1/2-1/2"]
[WhiteElo "2673"]
[BlackElo "2687"]
[Annotator "TA"]
[PlyCount "86"]
[EventDate "2019.06.06"]
[EventType "tourn"]
[EventCountry "RUS"]
[SourceTitle "playchess.com"]
[Source "ChessBase"]
[SourceQuality "1"]

{[%evp 13,86,13,24,28,38,25,28,27,22,15,49,49,43,35,45,30,50,39,50,46,53,33,32,37,42,37,42,43,53,45,243,240,210,208,327,327,368,347,363,134,167,164,166,150,157,162,170,117,117,110,110,108,143,37,45,35,23,21,103,0,0,-12,59,53,54,0,0,0,0,0,0,0,5,0,0]} 1. e4 c5 2. Nf3 d6 3. d4 cxd4 4. Nxd4 Nf6 5. Nc3 a6 6. Bd3 e6 7. f4 Nc6 8. Nxc6 {B82: Sicilian Scheveningen: 6 f4} bxc6 9. b3 $146 ({Predecessor:} 9. e5 Nd5 10. O-O Nxc3 11. bxc3 d5 12. Be3 Qa5 13. Qe1 Bc5 14. c4 Bxe3+ 15. Qxe3 O-O {1-0 (33) Sean,W (2406)-Bokros,A (2486) Dunajska Streda 2017}) 9... e5 10. O-O {White has an edge.} Be7 11. h3 exf4 12. Bxf4 O-O 13. Kh1 Nd7 14. Qe1 Bh4 15. Qd2 Ne5 16. Rad1 $36 {[%mdl 2048] White is more active.} Be6 17. Be2 Be7 18. Na4 {[%cal Bc3a4,Ba4c5,Bc5d3][%mdl 32]} Qc7 19. Qc3 a5 20. Bg3 Rad8 21. Nc5 Bf6 $2 (21... Bc8 $14) 22. Rxf6 $1 $18 gxf6 23. Nd3 Bc8 (23... Kg7 $142 24. Nxe5 dxe5) 24. Bh4 Ng6 25. Bxf6 Rde8 {[#]} 26. Bg7 $2 (26. Nf4 $1 $18 {[%cal Rf4h5][%mdl 512] is the precise move to win. And now Nh5 would win.} Rxe4 (26... Nxf4 27. Qe3) 27. Nh5) 26... d5 27. Bh6 {[%csl Gh6][%cal Rc3g7]} f5 28. Bxf8 Nxf8 29. e5 Ne6 30. Rf1 ({White should play} 30. Qd2 $18) 30... Ng5 $16 31. Bf3 Ne4 32. Qe1 Qg7 {White should prevent ...Ng3+.} 33. Bxe4 ({Much less strong is} 33. Qxa5 Ng3+ 34. Kg1 Nxf1 $16) (33. Rg1 $16) 33... fxe4 $14 34. Nf4 {Threatens to win with Nh5.} Qxe5 35. Qxa5 e3 (35... Rf8 $11) 36. Qe1 ({White should try} 36. Ne2 $16) 36... Ba6 $11 37. Qg3+ Kh8 (37... Qg7 $11 38. Qxg7+ Kxg7) 38. Qh4 $1 $14 {Threatening mate with Ng6+.} Rg8 39. c4 ({Better is} 39. Re1 $14) 39... dxc4 $11 {The position is equal.} 40. bxc4 Bxc4 {[#]} 41. Ng6+ $1 {[%mdl 512]} Rxg6 42. Qxc4 Qd5 {[%csl Gg6][%cal Rd5g2]} 43. Qc3+ Kg8 {Accuracy: White = 53%, Black = 47%.} 1/2-1/2

[Event "20th Karpov Poikovsky 2019"]
[Site "Poikovsky"]
[Date "2019.06.14"]
[Round "8.3"]
[White "Mamedov, Rauf"]
[Black "Wang, Hao"]
[Result "1/2-1/2"]
[WhiteElo "2650"]
[BlackElo "2737"]
[Annotator "TA"]
[PlyCount "38"]
[EventDate "2019.06.06"]
[EventType "tourn"]
[EventCountry "RUS"]
[SourceTitle "playchess.com"]
[Source "ChessBase"]
[SourceQuality "1"]

{[%evp 10,38,29,32,40,41,38,39,24,7,0,0,0,0,0,0,9,0,0,0,46,59,54,0,0,0,0,0,0,0,0]} 1. e4 e5 2. Nf3 Nc6 3. Nc3 ({Predecessor:} 3. Bb5 Nf6 {½-½ (21) Short,N (2678)-McShane,L (2640) London 2017}) 3... Nf6 4. Bb5 Nd4 5. Bc4 Bc5 6. Nxe5 Qe7 {C48: Four Knights: 4 Bb5, replies other than 4...Bb4} 7. Nf3 ({Stronger than} 7. Bxf7+ Kf8 $17) 7... d5 8. Bxd5 Bg4 {White is slightly better.} 9. d3 (9. Bxb7 $2 Rb8 $19) 9... O-O-O 10. Be3 Nxd5 11. Nxd5 Rxd5 12. exd5 {[#] And now c3 would win.} Re8 $1 13. O-O $146 (13. c3 Nxf3+ 14. gxf3 {½-½ (23) Wei,Y (2736)-Ding,L (2805) Abidjan 2019}) 13... Bxf3 $1 14. gxf3 {Re1 is the strong threat.} Qh4 15. f4 {aiming for Bxd4.} Bd6 $1 {Hoping for ...Qh3.} 16. Kg2 (16. Kh1 $14) 16... Nxc2 $1 $11 {The position is equal.} 17. Qxc2 Qg4+ 18. Kh1 Qf3+ {[%mdl 64] [#] Double Attack} 19. Kg1 {Strongly threatening Qd1.} Qg4+ 1/2-1/2

[Event "20th Karpov Poikovsky 2019"]
[Site "Poikovsky"]
[Date "2019.06.14"]
[Round "8.4"]
[White "Fedoseev, Vladimir"]
[Black "Esipenko, Andrey"]
[Result "1-0"]
[WhiteElo "2680"]
[BlackElo "2611"]
[Annotator "TA"]
[PlyCount "157"]
[EventDate "2019.06.06"]
[EventType "tourn"]
[EventCountry "RUS"]
[SourceTitle "playchess.com"]
[Source "ChessBase"]
[SourceQuality "1"]

{[%evp 13,157,18,17,3,20,17,18,3,0,7,0,14,2,0,0,0,0,0,4,4,4,6,15,5,6,10,14,-18,0,0,0,-6,0,-4,0,0,11,10,19,15,12,10,43,42,45,39,34,33,47,20,7,0,0,0,0,0,0,0,226,161,139,0,0,0,0,0,9,9,9,9,9,9,9,9,9,9,85,85,85,85,85,9,9,10,10,10,10,0,10,8,17,17,17,10,15,8,226,0,0,0,213,10,193,166,151,10,17,17,17,17,17,17,31,31,257,257,228,195,195,194,194,193,388,381,381,381,381,381,329,314,307,31,29976,29977,29977,29978,29995,29979,29979,29980,29980,29981,29981,29982,29982,29983]} 1. e4 e5 2. Nf3 Nc6 3. Bb5 a6 4. Ba4 Nf6 5. O-O Be7 6. d3 b5 7. Bb3 d6 8. Bd2 {C84: Closed Ruy Lopez: Unusual White 6th moves} O-O 9. h3 Rb8 10. c3 $146 {The position is equal.} ({Predecessor:} 10. Re1 Nd7 11. a4 Nc5 12. Bd5 Bd7 13. axb5 axb5 14. b4 Ne6 15. c3 Bf6 16. Na3 {1-0 (38) Bartel,M (2623)-Sargissian,G (2679) Baku 2015}) 10... Na5 11. Bc2 c5 12. d4 Nd7 13. b3 exd4 14. cxd4 Nc6 15. Be3 Bf6 16. Nc3 cxd4 17. Nxd4 Nxd4 18. Bxd4 Bb7 19. Rc1 Rc8 20. Ne2 Re8 21. Ng3 g6 22. Bxf6 Qxf6 23. Bb1 Qe5 24. Qd2 Nf6 25. f4 Qe7 26. Rce1 Nd7 27. Nh1 d5 {[%cal Rd5e4]} 28. e5 f5 29. exf6 Qc5+ 30. Nf2 Nxf6 31. b4 Qb6 32. Rxe8+ Rxe8 (32... Nxe8 $6 33. f5 $16) 33. Rc1 d4 34. f5 Re3 35. fxg6 Qd6 $2 (35... hxg6 $11 36. Bd3 Qd6) 36. gxh7+ Kh8 37. Ng4 (37. Bd3 $1 $16) 37... Nxg4 $1 $11 ({Avoid the trap} 37... Rg3 $2 38. Nxf6 Qe5 39. Be4 $1 $18 {[%mdl 512]}) 38. hxg4 {Strongly threatening Qf2.} Rh3 $1 $36 {[%mdl 2048] Black is pushing.} ({Wrong is} 38... Rg3 $2 39. Qe2 $18) 39. Qf2 Rh1+ {[%mdl 64] Decoy} 40. Kxh1 {Kg1 would kill now.} Qh6+ 41. Kg1 Qxc1+ 42. Kh2 {[%cal Rf2d4]} Qxb1 43. Qxd4+ Kxh7 44. Qd7+ {[%mdl 64] Double Attack} Kg8 (44... Kh6 $11 45. Qxb7 Qxa2) 45. Qd8+ $1 $16 Kf7 46. Qc7+ $1 Kg6 {...Qe4! is the strong threat.} 47. Qxb7 (47. Qb6+ $1 $16 Kg5 48. Qxb7) 47... Qxa2 {[%mdl 4096] Endgame KQ-KQ} 48. Qe4+ Kg7 49. Qe5+ Kg6 50. Qe4+ Kg7 51. Kg3 Qb2 52. Qb7+ Kg8 53. Qe7 Qd2 54. g5 Qc3+ $2 (54... a5 $11 {and Black stays safe.}) 55. Kh2 $2 ({White must play} 55. Kg4 $1 $18) 55... Qh8+ $11 56. Kg3 $2 (56. Kg1 $11 Qd4+ 57. Kf1) 56... Qc3+ $18 57. Kf4 $2 (57. Kg4 $1 $18) 57... Qc1+ $2 (57... Qd2+ $11 {and Black has nothing to worry.} 58. Ke5 a5 59. Qe6+ Kg7 60. Qf6+ Kg8) 58. Qe3 Qc7+ 59. Kg4 ({Only move:} 59. Qe5 $16 Qf7+ 60. Qf5 Qc7+ 61. Kg4) 59... Qd7+ 60. Kh4 Qh7+ 61. Kg3 Qc7+ 62. Qf4 Qc3+ 63. Kg4 {Hoping for g6.} Qc2 $2 (63... Qc6 $14) 64. Qb8+ Kf7 65. Qb7+ Kg8 66. Kh5 $1 {[%cal Rh5h6]} ({Weaker is} 66. Qxa6 Qxg2+ 67. Kf5 Qf3+ 68. Ke5 Qc3+ 69. Ke6 Qxb4 $11) 66... Qd1+ 67. g4 {Intending g6 and mate.} Qd6 $2 (67... Qd3) 68. Qc8+ Kg7 {[%cal Rd6h2]} 69. Qc3+ Kh7 {( -> ...Qh2+)} 70. Qc2+ Kg7 {[#]} 71. Qb2+ $1 Kh7 {[#]} 72. Qf2 $2 (72. Qb1+ $1 $18 Kg7 73. Qc2) 72... Kg8 $2 {[%mdl 8192]} (72... Qg6+ $14 73. Kh4 Qe8) 73. g6 {White mates.} Qe5+ 74. g5 Qh8+ 75. Kg4 {[%csl Gg6][%cal Rf2f7]} Qg7 76. Qf7+ Qxf7 77. gxf7+ Kxf7 78. Kf5 Kg7 79. g6 {Accuracy: White = 57%, Black = 55%.} 1-0

[Event "20th Karpov Poikovsky 2019"]
[Site "Poikovsky"]
[Date "2019.06.14"]
[Round "8.5"]
[White "Kovalev, Vladislav"]
[Black "Artemiev, Vladislav"]
[Result "0-1"]
[WhiteElo "2661"]
[BlackElo "2761"]
[Annotator "RC"]
[PlyCount "76"]
[EventDate "2019.06.06"]
[EventType "tourn"]
[EventCountry "RUS"]
[SourceTitle "playchess.com"]
[Source "ChessBase"]
[SourceQuality "1"]
[TimeControl "40/6000+30:20/3000+30:900+30"]

1. e4 {[%emt 0:00:03]} c5 {[%emt 0:02:10]} 2. Nf3 {[%emt 0:00:12]} d6 {[%emt 0:00:13]} 3. Bb5+ {[%emt 0:01:10]} Bd7 {[%emt 0:00:19]} 4. Bxd7+ {[%emt 0:00:11]} Nxd7 {[%emt 0:00:19]} 5. c4 {[%emt 0:06:04]} Ngf6 {[%emt 0:02:29]} 6. Nc3 {[%emt 0:00:08]} Rc8 {[%emt 0:06:07]} 7. O-O {[%emt 0:00:28]} g6 {[%emt 0:00:13]} 8. Qe2 {[%emt 0:06:23]} Bg7 {[%emt 0:00:23]} 9. d4 {[%emt 0:01:34]} cxd4 {[%emt 0:00:15]} 10. Nxd4 {[%emt 0:00:02]} O-O {[%emt 0:00:44]} 11. Be3 {[%emt 0:02:42]} a6 {[%emt 0:10:00]} 12. Rac1 {[%emt 0:06:47]} Qa5 {[%emt 0:16:20]} 13. f3 {[%emt 0:13:20]} e6 {[%emt 0:16:33]} 14. a3 {[%emt 0:15:27]} Ne5 {[%emt 0:09:01]} 15. Nb3 {[%emt 0:13:32]} Qc7 {[%emt 0:00:18]} 16. Nd2 {[%emt 0:02:18]} Rfe8 {[%emt 0:07:21]} 17. Kh1 {[%emt 0:04:06]} d5 {[%emt 0:07:12]} 18. cxd5 {[%emt 0:05:55]} exd5 {[%emt 0:02:02]} 19. f4 {[%emt 0:21:36]} Neg4 {[%emt 0:00:47]} 20. e5 {[%emt 0:01:12]} Nxe3 {[%emt 0:12:06]} 21. Qxe3 {[%emt 0:00:03]} Ng4 {[%emt 0:00:57]} 22. Qf3 {[%emt 0:00:42]} Qd7 {[%emt 0:02:43]} 23. Rcd1 {[%emt 0:02:18]} d4 {[%emt 0:04:11]} 24. Nde4 {[%emt 0:01:10]} f5 {[%emt 0:04:37]} 25. Ng3 {[%emt 0:04:31]} Qd8 {[%emt 0:00:47]} 26. Nce2 {[%emt 0:00:33]} Qh4 {[%emt 0:00:10]} 27. h3 {[%emt 0:00:18]} Ne3 {[%emt 0:00:03]} 28. Nxd4 {[%emt 0:00:22]} Nxf1 {[%emt 0:00:25]} 29. Nxf1 {[%emt 0:00:45]} Rcd8 {[%emt 0:00:19]} 30. Qe3 {[%emt 0:00:35]} Bh6 {[%emt 0:00:49]} 31. Qb3+ {[%emt 0:00:30]} Kh8 {[%emt 0:00:05]} 32. g3 {[%emt 0:00:27]} Qxh3+ {[%emt 0:00:08]} 33. Kg1 {[%emt 0:00:11]} Bf8 {[%emt 0:03:11]} 34. e6 {[%emt 0:00:42]} Bc5 {[%emt 0:01:22]} 35. Qe3 {[%emt 0:00:28]} Kg8 {[%emt 0:00:34]} 36. b4 {[%emt 0:00:25]} Ba7 {[%emt 0:00:55]} 37. e7 {[%emt 0:00:48]} Rd6 {[%emt 0:01:02]} 38. Kf2 {[%emt 0:00:16]} Qh1 {[%emt 0:00:32]} 0-1

[Event "20th Karpov Poikovsky 2019"]
[Site "Poikovsky"]
[Date "2019.06.15"]
[Round "9.1"]
[White "Wang, Hao"]
[Black "Jakovenko, Dmitry"]
[Result "1/2-1/2"]
[WhiteElo "2737"]
[BlackElo "2704"]
[Annotator "TA"]
[PlyCount "81"]
[EventDate "2019.06.06"]
[EventType "tourn"]
[EventCountry "RUS"]
[SourceTitle "playchess.com"]
[Source "ChessBase"]
[SourceQuality "1"]

{[%evp 9,81,17,12,3,2,16,28,28,25,28,29,11,18,11,17,10,16,16,18,12,12,12,10,0,24,14,8,10,12,-4,25,15,10,0,-9,-25,7,0,8,2,8,3,13,0,0,0,0,0,0,0,0,0,3,0,10,0,0,0,0,0,0,0,0,0,5,5,6,6,14,0,0,0,0,0]} 1. e4 e5 2. Nf3 Nc6 3. Bb5 Nf6 4. d3 Bc5 5. c3 d5 6. exd5 {C65: Ruy Lopez: Berlin Defence (3...Nf6), unusual lines and 4 0-0 Bc5} Qxd5 {And now ...Bxf2+! would win.} 7. Bc4 Qd8 8. O-O {White has an edge.} O-O 9. Nbd2 a5 10. Qe2 Bd6 11. a4 $146 ({Predecessor:} 11. Ng5 h6 12. Nge4 a4 13. Nxf6+ Qxf6 {½-½ (59) Grischuk,A (2751)-Eljanov,P (2757) Novi Sad 2016}) 11... h6 12. Re1 Re8 13. Bb5 Bg4 14. h3 Bh5 15. Ne4 Nxe4 16. dxe4 Rf8 17. Bc4 Qe7 18. g4 Bg6 19. h4 Nd8 20. h5 Bh7 21. Nh2 Ne6 22. Nf1 Qf6 23. Ng3 {The position is equal.} Nf4 24. Bxf4 Qxf4 25. Rad1 Bc5 26. Rd3 Rad8 {[#] aiming for ...Rxd3.} 27. Red1 Rd6 28. Kg2 Rfd8 29. Rxd6 Rxd6 30. Rxd6 Bxd6 31. Bb3 Kh8 32. Qb5 b6 33. Bd5 {Black should prevent b4.} Bc5 34. Qe2 g6 35. Qf3 Qxf3+ 36. Kxf3 $11 {KBB-KBN} Kg7 37. Ke2 Kf6 38. f3 Ke7 39. Bc4 Bg1 40. Nf1 gxh5 41. gxh5 {Accuracy: White = 51%, Black = 72%.} 1/2-1/2

[Event "20th Karpov Poikovsky 2019"]
[Site "Poikovsky"]
[Date "2019.06.15"]
[Round "9.2"]
[White "Artemiev, Vladislav"]
[Black "Fedoseev, Vladimir"]
[Result "1-0"]
[WhiteElo "2761"]
[BlackElo "2680"]
[Annotator "TA"]
[PlyCount "111"]
[EventDate "2019.06.06"]
[EventType "tourn"]
[EventCountry "RUS"]
[SourceTitle "playchess.com"]
[Source "ChessBase"]
[SourceQuality "1"]

{[%evp 15,111,13,24,25,58,52,63,58,50,32,73,84,74,65,90,81,82,71,89,81,87,107,101,91,89,93,86,76,79,0,90,72,75,35,50,16,8,0,20,11,1,0,0,6,0,0,0,5,8,8,8,2,9,0,51,41,45,35,35,63,52,58,95,90,95,102,142,115,123,67,68,47,58,42,477,481,475,400,480,475,560,558,535,561,530,545,655,677,677,560,729,662,4779,4779,29977,29978,29963,11942]} 1. Nf3 d5 2. g3 c6 3. Bg2 Bf5 4. O-O e6 5. d3 Nf6 6. b3 h6 7. Bb2 Nbd7 8. Nbd2 Bh7 9. e4 {A07: Réti Opening: New York and Capablanca Systems} Bb4 (9... Bc5 10. e5 Ng8 11. d4 Bb6 12. c4 Ne7 13. Ba3 O-O 14. Bd6 dxc4 15. bxc4 Bc7 16. Qb3 Rb8 {1-0 (40) Kuzubov,Y (2690)-Parligras,M (2613) Baile Govora 2017}) 10. a3 Ba5 11. Qe2 $146 {White is slightly better.} ({Predecessor:} 11. e5 Ng8 12. Qe2 Ne7 13. b4 Bc7 14. c4 Nb6 15. c5 Na4 16. Bd4 {½-½ (33) Sangma,R (2327)-Praveen,P (2248) Tirupati 2012}) 11... O-O 12. b4 Bc7 13. e5 Ne8 14. c4 g5 15. Nb3 Ng7 16. h3 Qe7 17. Bc3 Rae8 18. Rfe1 Bg6 19. Rad1 Bh5 20. g4 Bg6 21. Bd4 Bb6 22. Bc3 (22. Bb2 $16) 22... Rc8 (22... Bc7 $1 $11) 23. Qb2 Rfd8 24. a4 (24. Qc1 {looks sharper.} c5 25. h4 h5 26. Nxg5 hxg4 27. Qf4) 24... c5 25. cxd5 (25. Qa3 {with more complications.} dxc4 26. dxc4 Bc2 27. Ra1 Bxb3 28. Qxb3 cxb4 29. Bxb4 Nc5 30. Qb1) 25... exd5 26. bxc5 Bxc5 (26... Nxc5 {seems wilder.} 27. Nxc5 Bxc5 28. e6 Nxe6 29. Bf6 Qc7) 27. Nxc5 Nxc5 28. e6 Nxa4 29. Qb4 Qxb4 30. exf7+ Bxf7 31. Bxb4 Ne6 32. h4 Nf4 $132 {[%mdl 2048] Black has counterplay} 33. Bf1 Be6 34. Ra1 b5 (34... Nc5 $11) 35. hxg5 $14 Bxg4 36. Ne5 Bf5 37. gxh6 Kh7 38. Bd2 Rg8+ 39. Kh1 Ne6 40. Nd7 Rgd8 {[#]} 41. Re5 $1 {Nf6+ is the strong threat.} Rc2 42. Ba5 ({But not} 42. Nf6+ $6 Kg6 $11) (42. Rxf5 $16 {Hoping for Rf7+.} Rxd7 43. Bb4) 42... Rxd7 43. Rxf5 {aiming for Bh3.} Nd4 44. Bh3 {Threatens to win with Rf4.} Kxh6 $2 {[%mdl 8192]} (44... Nc5 $14) 45. Rf4 $1 $18 {[%csl LRd4,LRd7] And now Rg1 would win.} Ne2 46. Rfxa4 ({And not} 46. Bxd7 Nxf4 47. Bxb5 Nc5 $15) 46... bxa4 47. Bxd7 Nf4 48. Kg1 Kg6 49. Bxa4 Rb2 50. Ra3 Kh5 51. Be8+ Kh6 52. Bd7 Rc2 53. Kh2 Rxf2+ 54. Kg3 Rf1 55. Bd2 {[%mdl 64] [#] Discovered Attack} Kg5 56. Be3 {Accuracy: White = 69%, Black = 45%.} 1-0

[Event "20th Karpov Poikovsky 2019"]
[Site "Poikovsky"]
[Date "2019.06.15"]
[Round "9.3"]
[White "Saric, Ivan"]
[Black "Sasikiran, Krishnan"]
[Result "1/2-1/2"]
[WhiteElo "2680"]
[BlackElo "2673"]
[Annotator "TA"]
[PlyCount "68"]
[EventDate "2019.06.06"]
[EventType "tourn"]
[EventCountry "RUS"]
[SourceTitle "playchess.com"]
[Source "ChessBase"]
[SourceQuality "1"]

{[%evp 9,68,20,47,35,38,39,49,51,49,31,35,20,19,0,0,-44,-53,-41,-24,-62,-50,-114,-100,-141,-118,-132,-124,-128,-152,-164,-180,-186,-176,-136,-137,-164,-145,-147,-147,-147,-147,-145,-131,-159,-118,-120,-81,-131,-101,-109,-115,-91,0,0,0,0,0,-113,0,0,0]} 1. e4 c5 2. Nc3 d6 3. Nge2 e5 4. Ng3 (4. Nd5 Be7 5. Nec3 Nf6 6. Bc4 Nxd5 7. Nxd5 O-O 8. d3 Be6 9. O-O Nd7 10. c3 Nb6 11. Nxb6 Qxb6 {½-½ (25) Wen,Y (2607)-Zhou,J (2632) Danzhou 2016}) 4... Be6 5. Bb5+ Nd7 6. d3 {B23: Closed Sicilian: Lines without g3} a6 $146 ({Predecessor:} 6... Be7 7. O-O Ngf6 8. Nce2 O-O 9. f4 a6 10. Bxd7 Bxd7 11. fxe5 dxe5 {1-0 (51) Kritz,L (2281)-Froehlich,P (2375) Budapest 2000}) 7. Bc4 Ngf6 8. a4 {White is slightly better.} g6 9. f4 exf4 10. Bxf4 Ne5 11. Bxe6 (11. Ba2 {looks sharper.} Bg7 12. Qd2 Qe7 13. O-O O-O 14. h3) 11... fxe6 12. d4 cxd4 13. Qxd4 Qc7 14. a5 Nfd7 15. Bxe5 (15. Qb4 $15) 15... Nxe5 $17 16. Qa4+ Ke7 $1 17. Nge2 Bh6 18. O-O Raf8 19. Kh1 Qc4 20. Qa3 Rxf1+ 21. Rxf1 Rd8 22. h3 Bg7 23. Rd1 {[#]} Nc6 $1 24. Nf4 Bxc3 25. bxc3 Qxe4 26. Nd3 Qf5 27. c4 Rd7 ({Much weaker is} 27... Nxa5 $6 28. Qb4 $11) 28. Qa1 e5 29. c5 d5 30. Rf1 Qg5 ({Better is} 30... Qe6 $17 {And now ...Ke8 would win.} 31. Nf4 Qg8) 31. Qe1 $11 {Hoping for h4.} Kd8 32. Rf8+ Ke7 $1 {[%cal Re7f8]} 33. h4 {[#]} (33. Rf1 $11 {keeps the balance.} Ke8 34. Nb4) 33... Qh6 (33... Qg4 $1 $17 34. Qf2 Qe6) 34. Rc8 e4 {Accuracy: White = 45%, Black = 83%.} 1/2-1/2

[Event "20th Karpov Poikovsky 2019"]
[Site "Poikovsky"]
[Date "2019.06.15"]
[Round "9.4"]
[White "Korobov, Anton"]
[Black "Kovalev, Vladislav"]
[Result "1/2-1/2"]
[WhiteElo "2687"]
[BlackElo "2661"]
[Annotator "TA"]
[PlyCount "54"]
[EventDate "2019.06.06"]
[EventType "tourn"]
[EventCountry "RUS"]
[SourceTitle "playchess.com"]
[Source "ChessBase"]
[SourceQuality "1"]

{[%evp 13,54,24,26,14,14,13,18,20,17,18,15,20,19,16,18,20,21,16,15,16,20,20,20,20,16,15,26,27,21,13,11,8,12,12,12,8,14,0,0,0,11,0,0]} 1. d4 Nf6 2. c4 e6 3. Nf3 d5 4. Nc3 c5 5. cxd5 cxd4 6. Qxd4 exd5 7. e4 Nc6 8. Bb5 {[%cal Re4d5] D41: Queen's Gambit Declined: Semi-Tarrasch with 5 cxd5} dxe4 9. Qxd8+ Kxd8 10. Ng5 {[%mdl 64] [#] Double Attack} Be6 11. O-O Bb4 12. Ncxe4 Nxe4 13. Nxe4 Ke7 14. Be3 (14. Bxc6 bxc6 15. Be3 Bd5 {1-0 (51) Mamedyarov,S (2808)-So,W (2778) Paris 2018}) 14... Rhd8 15. Bxc6 bxc6 16. a3 Ba5 17. Rac1 Bd5 18. Nc3 $146 ({Predecessor:} 18. Bc5+ Kd7 19. Nc3 Kc7 20. Nxd5+ {½-½ (20) Kirkov,T (2250)-Ziegler,P (2238) ICCF email 2014}) 18... Bxc3 19. Bc5+ Ke6 20. Rxc3 Kd7 21. Re1 {The position is equal.} Re8 {[%cal Re8e1] [#]} 22. Rce3 Rxe3 23. Rxe3 a5 24. Re7+ Kd8 25. Rb7 Kc8 26. Re7 Kd8 27. Rb7 Kc8 {Accuracy: White = 73%, Black = 93%.} 1/2-1/2